[Event "GER-chT U10"]
[Site "Magdeburg"]
[Date "2013.12.28"]
[Round "5.3"]
[White "Bahro, Paul"]
[Black "Werner, Linus"]
[Result "1-0"]
[WhiteElo "888"]
[BlackElo "892"]
[PlyCount "147"]
[EventDate "2013.12.27"]
[EventType "team-swiss"]
[EventRounds "5"]
[EventCountry "GER"]
[SourceTitle "EXT 2015"]
[Source "ChessBase"]
[SourceDate "2014.11.20"]
[SourceVersion "1"]
[SourceVersionDate "2014.11.20"]
[SourceQuality "1"]
[WhiteTeam "Treptow"]
[BlackTeam "Stadtilm Blau Weiss"]
[WhiteTeamCountry "GER"]
[BlackTeamCountry "GER"]

1. e4 e5 2. Nf3 Nc6 3. Bc4 Bc5 4. c3 Nf6 5. d4 exd4 6. cxd4 Bb4+ 7. Nc3 Nxe4 8. 0-0 Bxc3 9. bxc3 d5 10. Bd3 Bf5 11. Re1 0-0 12. Bxe4 Bxe4 13. Ne5 Nxe5 14. dxe5 Re8 15. h3 Rxe5 16. Bf4 Re7 17. f3 Bg6 18. Rxe7 Qxe7 19. Qxd5 c6 20. Qe5 Qxe5 21. Bxe5 Re8 22. Bd4 b6 23. c4 c5 24. Bf2 f6 25. Re1 Rb8 26. Bg3 Rb7 27. Bf2 Bf7 28. Re4 Rd7 29. h4 Rd1+ 30. Re1 Rd2 31. a3 Bxc4 32. Bg3 Ra2 33. Re3 Ra1+ 34. Kh2 Bf7 35. Bb8 a5 36. Bc7 b5 37. Bxa5 Rb1 38. Rd3 b4 39. axb4 cxb4 40. Rd8+ Be8 41. Rxe8+ Kf7 42. Rb8 b3 43. g4 Kg6 44. Kg3 f5 45. Bd2 fxg4 46. fxg4 Rd1 47. Be3 Rd3 48. Kf3 Kf6 49. Ke4 Rd1 50. Rxb3 Rh1 51. h5 Rh4 52. Rb6+ Kf7 53. Kf5 g6+ 54. hxg6+ hxg6+ 55. Kg5 Rh3 56. Rf6+ Ke7 57. Bc5+ Kd7 58. Rxg6 Rc3 59. Rd6+ Kc7 60. Bb4 Rc4 61. Ba3 Ra4 62. Rd3 Kc6 63. Kf6 Rxg4 64. Rd6+ Kb5 65. Kf5 Rc4 66. Rd5+ Ka4 67. Be7 Kb3 68. Ke5 Kc3 69. Rd6 Rc5+ 70. Ke6 Kc4 71. Rd2 Rc6+ 72. Bd6 Kb5 73. Kd5 Rc4 74. Rb2+ 1-0